[Event "Slow norm tournament!"]
[Site "SchemingMind.com"]
[Date "2013.03.29"]
[Round "-"]
[White "e_castle3"]
[Black "Buckaroo Bob"]
[Result "0-1"]
[WhiteCountry "PHI"]
[BlackCountry "USA"]
[WhiteElo "1706"]
[WhiteRD "59"]
[BlackElo "2322"]
[BlackRD "76"]
[GameID "329033"]

1. e4 c5 2. Nf3 d6 3. g3 Nf6 4. d3 Nc6 5. Bg2 e5 6. O-O Be7 7. c3 O-O 8. Re1 Be6 9. d4 exd4 10. cxd4 d5
11. exd5 Bxd5 12. dxc5 Bxc5 13. a3 Bxf2+ 14. Kxf2 Qb6+ 15. Be3 Ng4+
0-1

[Event "Slow norm tournament!"]
[Site "SchemingMind.com"]
[Date "2013.03.25"]
[Round "-"]
[White "e_castle3"]
[Black "jrsanpedro"]
[Result "0-1"]
[WhiteCountry "PHI"]
[BlackCountry "ARG"]
[WhiteElo "1706"]
[WhiteRD "59"]
[BlackElo "2185"]
[BlackRD "62"]
[GameID "329034"]

1. e4 c5 2. Nf3 d6 3. Bc4 Nc6 4. a3 Nf6 5. d3 g6 6. O-O Bg7 7. h3 O-O 8. Nc3 a6 9. Re1 b5 10. Ba2 Bb7
11. Bg5 Re8 12. Ne2 Nd7 13. Qd2 Bxb2 14. Rab1 Bxa3 15. Qf4 Nce5 16. Nxe5 Nxe5 17. c3 c4 18. dxc4 Nd3 19. Qf3 Nxe1
0-1

[Event "Slow norm tournament!"]
[Site "SchemingMind.com"]
[Date "2013.03.25"]
[Round "-"]
[White "e_castle3"]
[Black "GBEDARD"]
[Result "0-1"]
[WhiteCountry "PHI"]
[BlackCountry "USA"]
[WhiteElo "1706"]
[WhiteRD "59"]
[BlackElo "2276"]
[BlackRD "63"]
[GameID "329036"]

1. e4 g6 2. d4 Bg7 3. Nf3 d6 4. Bg5 h6 5. Bh4 c5 6. c3 Nc6 7. d5 Nd4 8. cxd4 g5 9. Bg3 g4 10. Bb5+ Kf8
11. Nfd2 a6 12. Be2 Bxd4 13. Qc2 h5 14. Bf4 Nf6 15. Nc3 e5 16. Be3 Bxe3
0-1

[Event "Slow norm tournament!"]
[Site "SchemingMind.com"]
[Date "2013.03.26"]
[Round "-"]
[White "e_castle3"]
[Black "Diadoco"]
[Result "0-1"]
[WhiteCountry "PHI"]
[BlackCountry "MEX"]
[WhiteElo "1706"]
[WhiteRD "59"]
[BlackElo "2094"]
[BlackRD "84"]
[GameID "329037"]

1. e4 e5 2. Nf3 Nf6 3. Nc3 Bb4 4. d3 Nc6 5. Bd2 O-O 6. a3 Bxc3 7. Bxc3 d5 8. exd5 Nxd5 9. Bd2 h6 10. Be2 Qf6
11. h3 Nf4 12. Bxf4 Qxf4 13. Qd2 Qf6 14. O-O Be6 15. Rfe1 Rfe8 16. Bf1 Rad8 17. Qc3 Bd5 18. Nd2 Qd6
0-1

[Event "Slow norm tournament!"]
[Site "SchemingMind.com"]
[Date "2013.03.25"]
[Round "-"]
[White "Greg Magne"]
[Black "e_castle3"]
[Result "1-0"]
[WhiteCountry "CAN"]
[BlackCountry "PHI"]
[WhiteElo "1958"]
[WhiteRD "69"]
[BlackElo "1706"]
[BlackRD "59"]
[GameID "329038"]

1. e4 g6 2. d4 Bg7 3. f4 e6 4. Nf3 Ne7 5. c4 O-O 6. Bd3 b6 7. O-O Bb7 8. Kh1 d5 9. cxd5 exd5 10. e5 c5
11. Nc3 a6 12. Be3 c4 13. Bc2 b5 14. a3 Qd7 15. Rg1 Nf5 16. Bf2 Nc6 17. g4 Nfe7 18. Nh4 a5 19. f5
1-0

[Event "Slow norm tournament!"]
[Site "SchemingMind.com"]
[Date "2013.03.29"]
[Round "-"]
[White "littleboo"]
[Black "e_castle3"]
[Result "1-0"]
[WhiteCountry "USA"]
[BlackCountry "PHI"]
[WhiteElo "2253"]
[WhiteRD "72"]
[BlackElo "1706"]
[BlackRD "59"]
[GameID "329039"]

1. e4 d6 2. d4 g6 3. Nf3 Bg7 4. Bb5+ Bd7 5. Bc4 h6 6. O-O e5 7. dxe5 dxe5 8. Qd5 Be6 9. Qxb7 Nd7 10. Bxe6 fxe6
11. Rd1 Qc8 12. Qc6 Ke7 13. Nc3 Ngf6 14. Nb5 Ne8 15. Be3
1-0

[Event "Slow norm tournament!"]
[Site "SchemingMind.com"]
[Date "2013.03.25"]
[Round "-"]
[White "Buckaroo Bob"]
[Black "e_castle3"]
[Result "1-0"]
[WhiteCountry "USA"]
[BlackCountry "PHI"]
[WhiteElo "2322"]
[WhiteRD "76"]
[BlackElo "1706"]
[BlackRD "59"]
[GameID "329042"]

1. Nf3 Nc6 2. d4 d5 3. c4 e6 4. Nc3 Nf6 5. Bg5 Be7 6. e3 h6 7. Bh4 O-O 8. Rc1 Re8 9. Bd3 dxc4 10. Bxc4 a6
11. O-O Bd7 12. a3 Nh7 13. Bg3 Bd6 14. Ne4 Bxg3 15. fxg3
1-0

[Event "Slow norm tournament!"]
[Site "SchemingMind.com"]
[Date "2013.03.25"]
[Round "-"]
[White "jrsanpedro"]
[Black "e_castle3"]
[Result "1-0"]
[WhiteCountry "ARG"]
[BlackCountry "PHI"]
[WhiteElo "2185"]
[WhiteRD "62"]
[BlackElo "1706"]
[BlackRD "59"]
[GameID "329043"]

1. d4 d5 2. c4 Bf5 3. cxd5 Bxb1 4. Qa4+ Qd7 5. Qxd7+ Nxd7 6. Rxb1 Ngf6 7. Bd2 Nxd5 8. Rc1 c6 9. e4 N5b6 10. Nf3 h6
11. Bd3 e6 12. Ke2 Be7 13. Rc2 O-O 14. Rhc1 Nf6 15. h3 Rfd8 16. Ke3 Nh7 17. g3 Ng5 18. Ng1 Rd7 19. f4 Nh7 20. Nf3 Rad8
21. Bc3
1-0

[Event "Slow norm tournament!"]
[Site "SchemingMind.com"]
[Date "2013.03.25"]
[Round "-"]
[White "GBEDARD"]
[Black "e_castle3"]
[Result "1-0"]
[WhiteCountry "USA"]
[BlackCountry "PHI"]
[WhiteElo "2286"]
[WhiteRD "65"]
[BlackElo "1762"]
[BlackRD "68"]
[GameID "329045"]

1. e4 e5 2. Nf3 Nc6 3. Bb5 d6 4. O-O Bd7 5. c3 a6 6. Ba4 Qf6 7. d4 h6 8. d5 Nb8 9. Qb3 b5 10. c4 Ra7
11. cxb5 Rb7 12. Nc3 g5 13. bxa6 Rxb3 14. a7
1-0

[Event "Slow norm tournament!"]
[Site "SchemingMind.com"]
[Date "2013.03.25"]
[Round "-"]
[White "Diadoco"]
[Black "e_castle3"]
[Result "1-0"]
[WhiteCountry "MEX"]
[BlackCountry "PHI"]
[WhiteElo "2094"]
[WhiteRD "84"]
[BlackElo "1706"]
[BlackRD "59"]
[GameID "329046"]

1. e4 d6 2. d4 Nd7 3. Nf3 e5 4. Bc4 h6 5. dxe5 dxe5 6. O-O Ngf6 7. Nc3 Bb4 8. Nd5 Nxd5 9. Bxd5 O-O 10. a3 Bd6
11. Re1 Qe7 12. h3 c6 13. Ba2 Nf6 14. b4 Be6 15. Bb2 Bxa2 16. Rxa2 Rfd8 17. Qe2 Rd7 18. Raa1 Rad8 19. c4
1-0